00457nam a2200181Ia 450000500170000000800410001702000180005804100080007608200160008410000150010024500640011525000120017926000330019130000090022450000080023365000080024170000260024920230324164815.0230125s9999 xx 000 0 und d a9781259098031 aeng a650.01bHIL aHill C W L aInternational BusinessbCompeting in the Global Marketplace aEd.10th c2015bMcGraw-HillaNew Delhi a805p aIBM aIBM aHill C W L & Jain A K